|
|
|
|
| LEADER |
00722nam a2200217Ia 4500 |
| 008 |
240829s9999 xx 000 0 und d |
| 020 |
|
|
|a 958-04-7324-2
|
| 040 |
|
|
|a BIBLIOTECA-RUPAP 658.022 A573
|
| 041 |
|
|
|a spa
|
| 082 |
|
|
|a 658.022 A573
|
| 100 |
1 |
|
|a Andriani, Carlos S.
|
| 245 |
1 |
0 |
|a El nuevo sistema de gestión para lograr PYMES de clase mundial
|
| 260 |
|
|
|a Bogotá
|b Norma
|c 2003
|
| 300 |
|
|
|a 330 p. :il.
|
| 650 |
7 |
|
|a PEQUEÑAS EMPRESAS - GESTION - LATINOAMERICANA
|
| 650 |
7 |
|
|b SISTEMA DE GESTION EMPRESARIAL
|
| 650 |
7 |
|
|c CALIDAD HUMANA
|
| 650 |
7 |
|
|d CASOS DE ESTUDIOS - PYMES. I. Brasca, Rodolfo E, coaut. II. Rodríguez M., Mauricio, coaut. III. Tít.
|
| 942 |
|
|
|c BK
|2 ddc
|
| 991 |
|
|
|a TEXTO
|
| 999 |
|
|
|c 9805
|